Click States Of India On A Map - Statistics

General Stats
  • This quiz has been taken 59 times
  • The average score is 21 of 35
Answers on the Map
Answers color-coded by a green-red scale on the quiz's map according to % correct below.
 
Answer Stats
Answer % Correct
Andaman and
Nicobar Islands
88%
Rajasthan
85%
Gujarat
83%
Kerala
83%
Goa
78%
Tamil Nadu
78%
West Bengal
78%
Bihar
75%
Punjab
73%
Delhi
70%
Madhya Pradesh
68%
Odisha
68%
Uttar Pradesh
68%
Assam
65%
Jammu and Kashmir
65%
Ladakh
65%
Telangana
65%
Karnataka
63%
Maharashtra
63%
Arunachal Pradesh
58%
Chhattisgarh
58%
Haryana
58%
Sikkim
58%
Andhra Pradesh
55%
Meghalaya
55%
Mizoram
55%
Uttarakhand
55%
Jharkhand
50%
Manipur
50%
Himachal Pradesh
48%
Nagaland
45%
Tripura
43%
Dadra and Nagar Haveli
and Daman and Diu
35%
Puducherry
30%
Chandigarh
8%
No matching quizzes found
Score Distribution
Percent of People with Each Score
Percentile by Number Answered
Your Score History
You have not taken this quiz